000 00634nam a2200205 a 4500
001 000009047
005 20250129121827.0
008 090925s1991 dr 001 0 spa d
040 _aDO-SdBNP
_bspa
_cBNPHU
082 _aRD863.44
_bG261g
100 1 _aGatón Arce, Freddy,
_d1920-1994
_97946
245 1 3 _aLa guerrillera Sila Cuásar /
_cFreddy Gatón Arce.
260 _aSanto Domingo :
_bTaller,
_c1991.
300 _a69 p. ;
_c18 cm.
504 _aBibliografía : p. 69
590 _aInventariado, 2019/VM
650 0 _aNovela dominicana
_9223
650 0 _aLiteratura dominicana.
_967
910 _aValidado. Control de calidad MFF
999 _c8811
_d8811